| 000 | 004140000a22001330004500 | ||
|---|---|---|---|
| 090 |
_aAS _bSeriadas |
||
| 245 | 1 | 0 | _aEstructura de un bosque de niebla en la cordillera occidental, Valle del Cauca, Colombia |
| 041 | 0 | _aEspaƱol | |
| 700 | 1 |
_aRestrepo, Carla _996154 |
|
| 700 | 1 |
_aGiraldo, Manuel _999465 |
|
| 100 | 1 |
_aKattan, Gustavo H. _94374 |
|
| 942 | _cARTICULO | ||
| 773 | 1 |
_tCespedesia _3124 _h47-48 _q23-43 _d1984 _g13 |
|
| 999 |
_c15039 _d15039 |
||